Encuentro sobre la deuda externa de América Latina, 1

Shranjeno v:
Bibliografske podrobnosti
Format: Texto
Izdano: La Habana: Gramna
Oznake: Označite
Brez oznak, prvi označite!

MARC

LEADER 00000 a a2200000 04500
001 23753
003
040 |a CRAI/IIS  |c CRAI/IIS 
090 |a 167400  
245 |a Encuentro sobre la deuda externa de América Latina, 1  
260 |a La Habana:   |b Gramna  
300 |a 12 p.  
999 |c 3999  |d 3999